000
00345nam a22001577a 4500
005
20160629131158.0
008
160629b xxu||||| |||| 00| 0 eng d
041
_a
eng
082
_b
11037
100
_a
Dulta, Uttapal
_9
3190
245
_a
Tever Talowar
260
_b
Jatiya Shaitya
300
_a
96
650
_a
Management
_9
241
942
_c
BK
999
_c
4686
_d
4684